| 000 | 00414 a2200109 4500 | ||
|---|---|---|---|
| 001 | ART_24047 | ||
| 005 | 20260410161933.0 | ||
| 008 | 260409a | ||
| 245 | 1 | 0 | _aEscalas de equivalencia y cambios en el nivel de bienestar de los hogares de la Ciudad de Buenos Aires |
| 100 | 1 | _aBerges, Miriam | |
| 773 | 0 |
_tRevista de Economía Política de Buenos Aires _g- Año 5, Nº 9/10 (nov. 2011) _wREV23982 |
|
| 999 |
_c28815 _d28815 |
||